00274nam a2200121Ia 4500008004100000020001500041050001500056100001600071245002200087260001800109260000900127300001600136160319s9999 xx 000 0 und d a9715692362 bR627e 1997 aRizal, Jose aEl Filibusterismo bBookmark Inc. c1997 a448 pages :